ბათუმის შოთა რუსთაველის სახელმწიფო უნივერსიტეტის ბიბლიოთეკა

ისტორიული პოემები (ბიბ.ჩანაწერი № 50029)

000 -LEADER
fixed length control field 00596nam a2200205Ia 4500
001 - CONTROL NUMBER
control field 16967
003 - CONTROL NUMBER IDENTIFIER
control field GE_BSU
008 - FIXED-LENGTH DATA ELEMENTS--GENERAL INFORMATION
fixed length control field 181216s||||||||xx |||||||||||||| ||und||
040 ## - CATALOGING SOURCE
Transcribing agency GE_BSU
080 ## - UNIVERSAL DECIMAL CLASSIFICATION NUMBER
Universal Decimal Classification number 821.353.1-11
100 ## - MAIN ENTRY--PERSONAL NAME
Personal name გვარიშვილი, ნანა
245 ## - TITLE STATEMENT
Title ისტორიული პოემები
245 ## - TITLE STATEMENT
Statement of responsibility, etc. რედ.ხ.თავდგირიძე
260 ## - PUBLICATION, DISTRIBUTION, ETC.
Place of publication, distribution, etc. ბათუმი
260 ## - PUBLICATION, DISTRIBUTION, ETC.
Name of publisher, distributor, etc. აჭარა
260 ## - PUBLICATION, DISTRIBUTION, ETC.
Date of publication, distribution, etc. 1999
300 ## - PHYSICAL DESCRIPTION
Extent 67გვ. ; 17სმ.
653 ## - INDEX TERM--UNCONTROLLED
Uncontrolled term ისტორიული პოემები
942 ## - ADDED ENTRY ELEMENTS (KOHA)
Koha item type წიგნი
ეგზემპლარები
Withdrawn status Lost status Damaged status Not for loan Date acquired Barcode Date last seen Price effective from Koha item type
        2018-12-17 21722 2018-12-17 2018-12-17 წიგნი
        2018-12-17 21721 2018-12-17 2018-12-17 წიგნი